| 000 -LEADER |
| fixed length control field |
00504nam a22001577a 4500 |
| 005 - DATE AND TIME OF LATEST TRANSACTION |
| control field |
20230808163933.0 |
| 008 - FIXED-LENGTH DATA ELEMENTS--GENERAL INFORMATION |
| fixed length control field |
230808s1965 enk||||| |||| 00| 0 eng d |
| 041 ## - LANGUAGE CODE |
| Language code of text/sound track or separate title |
eng |
| 080 ## - UNIVERSAL DECIMAL CLASSIFICATION NUMBER |
| Universal Decimal Classification number |
902.2 B-17 |
| 100 ## - MAIN ENTRY--PERSONAL NAME |
| Personal name |
Bakry, H.S.K. |
| 9 (RLIN) |
19640 |
| 245 ## - TITLE STATEMENT |
| Title |
A Brief Study of Mummies and Mummification |
| Statement of responsibility, etc. |
H.S.K. Bakry. |
| 264 ## - PRODUCTION, PUBLICATION, DISTRIBUTION, MANUFACTURE, AND COPYRIGHT NOTICE |
| Place of production, publication, distribution, manufacture |
Cairo, |
| Date of production, publication, distribution, manufacture, or copyright notice |
1965. |
| 300 ## - PHYSICAL DESCRIPTION |
| Extent |
62 p. : |
| Other physical details |
ill.; |
| Dimensions |
20 cm. |
| 653 ## - INDEX TERM--UNCONTROLLED |
| keyword |
მუმიებისა და მუმიფიკაციის შესწავლა |
| 942 ## - ADDED ENTRY ELEMENTS (KOHA) |
| Source of classification or shelving scheme |
|
| Koha item type |
წიგნი |